000 00628nam a22002417a 4500
003 UA-OsUOA
001 57090
007 ta
008 20081202b un ||||| |||| 00| 0 ukr d
100 _aШоу І.
090 _a821.161.2(73)
_bШ81
942 _cBK
040 _aUA-OsUOA
_bukr
_cUA-OsUOA
_dUA-OsUOA
245 _aБагач, бідняк
_bроман
300 _a638 с.
955 _a3
041 _aukr
080 _a821.161.2(73)
020 _a978-966-03-4011-4
260 _aХарків
_bФоліо
_c2007
650 7 _a82 Література. Літературознавство
_2UDC
999 _c343181
_d343181